| 000 | 00533nam a22001577a 4500 | ||
|---|---|---|---|
| 003 | CUTN | ||
| 005 | 20171005161028.0 | ||
| 008 | 171005b xxu||||| |||| 00| 0 eng d | ||
| 020 | _a9788183225762 | ||
| 082 |
_a796.358 _bTEN |
||
| 100 | _aசச்சின் டெண்டுல்கர் | ||
| 245 | _aசச்சின் டெண்டுல்கர் சுயசரிதை (என் வழி தனி வழி ) | ||
| 260 |
_aBhopal _bManjul Publishing House Pvt.Ltd _c2014 |
||
| 300 | _a542 | ||
| 942 |
_2ddc _cTAM |
||
| 999 |
_c23500 _d23500 |
||